000 01081cam a2200157 4500500
005 20260222004202.0
041 _afre
042 _adc
100 1 0 _aColin, Jacques
_eauthor
245 0 0 _aLe supply chain management existe-t-il réellement ?
260 _c2005.
500 _a40
520 _aIssue d’optimisations opérationnelles, la logistique s’est tournée dans les années 1980 vers le pilotage et la gestion des flux physiques de marchandises par des flux virtuels d’informations associées. L’article souligne comment, à partir des années 1990, le management logistique va progressivement s’insérer dans des formes d’organisation plus complexes, aussi bien intra qu’interentreprises, pour devenir le noyau dur d’une démarche véritablement stratégique de management de la supply chain, résolument ouverte sur l’environnement de la firme.
786 0 _nRevue française de gestion | 156 | 3 | 2005-06-01 | p. 135-149 | 0338-4551
856 4 1 _uhttps://shs.cairn.info/revue-francaise-de-gestion-2005-3-page-135?lang=fr&redirect-ssocas=7080
999 _c1668128
_d1668128